00829nam a2200229 a 4500001000400000003001000004005001700014008004100031020001800072040002500090080002200115100003500137245019700172250001100369260003700380300002000417504002500437650004700462650004100509650003000550650001900580554BR-CuiBMT20231109194221.0231106s2017 mgb 000 0 por d a9788545002437 aBR-CuiBMTcBR-CuiBMT a349.6:502.1220071 aWedy, Gabriel de Jesus Tedesco02aO princípio constitucional da precaução : bcomo instrumento de tutela do meio ambiente e da saúde pública /cGabriel de Jesus Tedesco Wedy ; Prefácio, Vladimir Passos de Freitas.  a2. ed. aBelo Horizonte:bFórum,c2017. a205 p. ;c22 cm ainclui bibliografia. aPolitica Nacional do Meio AmbientezBrasil aPrincípio da precauçãozBrasil aDireito ambientalzBrasil aDano ambiental